| 000 | 00445nam a2200157 i 4500 | ||
|---|---|---|---|
| 001 | 51060 | ||
| 003 | ES-MaACL | ||
| 005 | 20230906162305.0 | ||
| 007 | t| | ||
| 008 | 030808s1917 xxk ||||1| eng d | ||
| 100 | 1 |
_aCushny, Arthur R. _942265 |
|
| 245 | 1 | 4 |
_aThe secretion of the urine / _cby Arthur R. Cushny. |
| 260 |
_aLondon, etc. : _bLongmans, Green and Co, _c1917. |
||
| 300 |
_aXI, 241 p. : _bil. ; _c22 cm. |
||
| 852 |
_aES-MaACL _jB-11241 |
||
| 999 |
_c51060 _d51060 |
||